000 02937nam a22003977a 4500
999 _c21788
_d21788
003 AR-CdUCM
008 190425b ||||| |||| 00| 0 spa d
040 _aMUNICIPALIDAD PROVINCIAL DEL CUSCO
_cBIBLIOTECA MUNICIPAL DEL CUSCO
082 _aRev.IAAC/N°3/1944
110 _aInstituto Americano de Arte del Cuzco
_943770
245 _aRevista del Instituto Americano de Arte :
_bPublicación semestral /
260 _aCusco :
_bTalleres gráficos La Económica,
_c1943.
300 _a160 [2] páginas. :
_bilustraciones ;
_c24 cm.
440 _aRevista del Instituto Americano de Arte Cuzco.
_nAño III, 1° semestre de 1944, N°3. Vol.I
_946113
505 _aContenido: Tradiciones cuzqueñas. Luis Felipe Paredes. -- Un poeta cuzqueño. Alfredo Yépez Miranda. -- Documentos de la Historia del Cuzco. Ambrosio Morales O.P. -- Francisco Laso de la Vega. Enrique López Albújar. -- La Atlántida y el hombre Americano. Jorge Cornejo Bouroncle. -- Markanaka. Aurelio Martínez. -- Folklore Nacional calendario de fiestas populares del departamento del Cuzco. Víctor Navarro del Águila. -- La gran fiesta del Raymi. Luis A. Pardo. -- Garcilaso. añoranza. Rafael Aguilar. -- Motivos sinfónicos de la poesía Sur peruana. Emilio Vásquez. -- Génesis de los problemas filosóficos y su solución mítica. César Guardia Mayorga. -- El Cuzco en una mansión Argentina. Víctor M. Guillen. -- Cesáreo Bernaldo de Quirós y su solar agreste. Ana María Garasino. -- Arte y vida. Humberto Vidal. -- Una joya cuzqueña de valor incalculable. Manuel E. Cuadros. E. -- Malaco Kancha cuento andino. Humberto Pacheco. -- La sinceridad del pueblo cuzqueño. Roberto Barrionuevo. -- Ciro Alegría en el Mundo es Ancho y Ajeno. Martha Alicia Yépez de Fernán Zegarra. -- La república del Cuzco. Alcides F. estrada. -- Canto al Cuzco y sus piedras sagradas. Luis Nieto Miranda. -- A propósito del Folklore. Blanca A. Ladrón de Guevara. -- Cuzco panorámico. Domingo Velazco Astete. -- Galería de Arte cuzqueño. Julio Genaro Gutiérrez Loayza. -- Actividades del Instituto. Celebración del Día de Cuzco. -- El arte en la escuela. Roberto La Torre.
650 _aArte popular
_99558
650 _aArte cusqueño
_913165
650 _aHistoria del Cusco
_91714
650 _aSairi Tupac
_946114
650 _aFelipe Tupac Amaru
_946115
650 _aTradiciones cusqueñas
_931110
650 _aFiestas populares
_934730
650 _aInti Raymi
_99522
650 _aFolcklore
_946108
650 _aLiteratura cusqueña
_946110
650 _aPoetas cusqueños
_95956
700 _aYépez Miranda, Alfredo
_94230
700 _aLópez Albújar, Enrique
_96
700 _aNavarro del Águila, Víctor
_932360
700 _aVelasco Astete, Domingo
_931407
700 _aVidal Unda, Humberto
_945978
700 _aGutiérrez Loayza, Julio
_946116
700 _aCornejo Bouroncle, Jorge
_915278
942 _2ddc
_cPP
945 _arac